Detección precoz de los desordenes temporomandibulares (Registro nro. 1969)
[ vista simple ]
| 000 -Cabecera | |
|---|---|
| Campo de control de longitud fija | 01116aam a2200397 4500 |
| 005 - Fecha y hora de la última transacción | |
| Campo de control | 20260306151951.0 |
| 008 - Elementos de longitud fija--Información general | |
| Campo de control de longitud fija | 150302b2006 xxu||||| |||| 00| 0 ES d |
| 020 ## - International Standard Book Number | |
| Número Internacional Estándar del Libro (ISBN) | 9806574524 |
| 041 ## - Idioma | |
| Código de idioma | Español |
| 082 ## - Clasificación Decimal Dewey | |
| Número de clasificación | 617.64 S715d |
| 100 ## - Entrada principal--Autor personal | |
| Nombre personal | Sosa, Graciela Estrella |
| 245 ## - Título propiamente dicho | |
| Título | Detección precoz de los desordenes temporomandibulares |
| 260 ## - Pie de imprenta | |
| Lugar de publicación, distribución, etc. | Venezuela |
| 260 ## - Pie de imprenta | |
| Nombre del editor, distribuidor, etc. | AMOLCA |
| 260 ## - Pie de imprenta | |
| Fecha de publicación, distribución, etc. | 2006 |
| 300 ## - Descripción física | |
| Extensión | 185 páginas |
| 300 ## - Descripción física | |
| Otras características físicas | Fotografías a color |
| 490 ## - Serie | |
| Título de la Serie | Mecánica Dental |
| 505 ## - Nota de contenido | |
| Nota de contenido | Contiene Índice SAHA |
| 650 ## - Materia general | |
| Temática (materia general) | ARTICULACIÓN TEMPOROMANDIBULAR |
| 650 ## - Materia general | |
| Temática (materia general) | FISIOLOGÍA ARTICULAR |
| 650 ## - Materia general | |
| Temática (materia general) | ANATOMÍA DE LA ARTICULACIÓN |
| 650 ## - Materia general | |
| Temática (materia general) | BIOMECÁNICA |
| 650 ## - Materia general | |
| Temática (materia general) | ETIOLOGÍA DE LAS DISFUNCIONES |
| 650 ## - Materia general | |
| Temática (materia general) | PATOLOGÍAS TEMPOROMANDIBULARES |
| 650 ## - Materia general | |
| Temática (materia general) | SISTEMA NEUROMUSCULAR |
| 650 ## - Materia general | |
| Temática (materia general) | BRUXISMO |
| 650 ## - Materia general | |
| Temática (materia general) | OSTEOPATIAS |
| 650 ## - Materia general | |
| Temática (materia general) | RAQUIS |
| 650 ## - Materia general | |
| Temática (materia general) | MUSCULOS CREOMANDIBULARES |
| 650 ## - Materia general | |
| Temática (materia general) | SINDROME DE COSTEN |
| 650 ## - Materia general | |
| Temática (materia general) | DESORDENES TEMPOROMANDIBULES |
| 650 ## - Materia general | |
| Temática (materia general) | MUSCULOS MASTICADORES |
| 650 ## - Materia general | |
| Temática (materia general) | NEUROANATOMÍA |
| 942 ## - Punto de acceso adicional KOHA | |
| Tipo de ítem KOHA | Libro |
| Fuente del sistema de clasificación o colocación | Dewey Decimal Classification |
| Signatura completa | Código de barras | Programa Académico | Tipo de ítem |
|---|---|---|---|
| 617.64 S715d | 18465 | Mecánica Dental | Libro |
| 617.64 S715d | 11405 | Mecánica Dental | Libro |
| 617.64 S715d | 17796 | Mecánica Dental | Libro |
| 617.64 S715d | 17797 | Mecánica Dental | Libro |